000 00461nam a2200181Ia 4500
008 090124s9999 xx 000 0 und d
082 _b27450
_a3621
100 _aटिळक ज. श्री.
245 _a वारसा
250 _a1
260 _c1993
300 _a134
600 _aटिळक ज. श्री.
630 _a वारसा
700 _aटिळक ज. श्री.
730 _a वारसा
942 _cBOOK
999 _c140916
_d140916